000 00581nam a2200181Ia 4500
008 151202s9999||||xx |||||||||||||| ||und||
082 _bPNVM-62816
100 _aबोरगावकर रा.म.
245 _aबोलका कावळा.
260 _b"मुश्री प्रकाशन,पुणे."
260 _c62816
300 _a168
600 _aबोरगावकर रा.म.
630 _aबोलका कावळा.
700 _aबोरगावकर रा.म.
730 _aबोलका कावळा.
942 _cBOOK
999 _c1329350
_d1329347